[Event "HUN-chT2 Breyer 1011"]
[Site "Hungary"]
[Date "2010.09.26"]
[Round "2.5"]
[White "Szabo, Lajos"]
[Black "Sipos, Gabor"]
[Result "1/2-1/2"]
[WhiteElo "2033"]
[BlackElo "2080"]
[PlyCount "62"]
[EventDate "2010.09.12"]
[EventType "team-tourn"]
[EventRounds "11"]
[EventCountry "HUN"]
[SourceTitle "EXT 2012"]
[Source "ChessBase"]
[SourceDate "2011.11.24"]
[SourceVersion "1"]
[SourceVersionDate "2011.11.24"]
[SourceQuality "1"]
[WhiteTeam "Zoltek"]
[BlackTeam "Biatorbagy"]
[WhiteTeamCountry "HUN"]
[BlackTeamCountry "HUN"]

1. c4 Nf6 2. Nf3 g6 3. Nc3 Bg7 4. g3 0-0 5. Bg2 d6 6. 0-0 e5 7. d3 h6 8. Rb1 c6 9. b3 Qc7 10. Bb2 Nbd7 11. e3 Re8 12. Rc1 Nf8 13. d4 N6d7 14. d5 c5 15. e4 Nh7 16. Bh3 Ndf6 17. Bxc8 Raxc8 18. Kg2 Rf8 19. Qd3 Qe7 20. Nh4 Ne8 21. Rce1 Nc7 22. Bc1 Rfe8 23. Bd2 a6 24. a4 Nf6 25. h3 Nd7 26. Bc1 Kh7 27. Bd2 b6 28. Bc1 Rb8 29. Bd2 Rb7 30. Ra1 Reb8 31. Ra2 Nf8 1/2-1/2

[Event "HUN-chT2 Breyer 1011"]
[Site "Hungary"]
[Date "2010.09.12"]
[Round "1.8"]
[White "Sandor, Jozsef"]
[Black "Sipos, Gabor"]
[Result "1/2-1/2"]
[WhiteElo "2081"]
[BlackElo "2080"]
[PlyCount "61"]
[EventDate "2010.09.12"]
[EventType "team-tourn"]
[EventRounds "11"]
[EventCountry "HUN"]
[SourceTitle "EXT 2012"]
[Source "ChessBase"]
[SourceDate "2011.11.24"]
[SourceVersion "1"]
[SourceVersionDate "2011.11.24"]
[SourceQuality "1"]
[WhiteTeam "MAFC"]
[BlackTeam "Biatorbagy"]
[WhiteTeamCountry "HUN"]
[BlackTeamCountry "HUN"]

1. Nf3 Nf6 2. d4 g6 3. Nc3 Bg7 4. e4 d6 5. Bf4 c5 6. e5 Nh5 7. Be3 cxd4 8. Bxd4 Nc6 9. Bb5 0-0 10. Bxc6 bxc6 11. exd6 exd6 12. 0-0 Bb7 13. Bxg7 Nxg7 14. Qd2 Ne6 15. Rfe1 d5 16. Re5 Qf6 17. Qh6 Rad8 18. Rae1 c5 19. h4 d4 20. Ne4 Bxe4 21. R1xe4 c4 22. h5 Rd6 23. hxg6 hxg6 24. Rxe6 fxe6 25. Ng5 Rd7 26. Rxe6 Qxf2+ 27. Kh2 Qf4+ 28. Kg1 Qf1+ 29. Kh2 Qf4+ 30. Kg1 Qf1+ 31. Kh2 1/2-1/2

[Event "Budapest FS08 FM-B"]
[Site "Budapest"]
[Date "2009.08.02"]
[Round "2"]
[White "Sipos, Gabor"]
[Black "Jensen, Leif Haugaard"]
[Result "1-0"]
[WhiteElo "2158"]
[BlackElo "2027"]
[PlyCount "83"]
[EventDate "2009.08.01"]
[EventType "tourn"]
[EventRounds "11"]
[EventCountry "HUN"]
[SourceTitle "CBM 131 Extra"]
[Source "ChessBase"]
[SourceDate "2009.09.03"]
[SourceVersion "2"]
[SourceVersionDate "2009.09.16"]
[SourceQuality "1"]

1. d4 d5 2. c4 c6 3. Nf3 Nf6 4. g3 Bf5 5. Qb3 Qb6 6. c5 Qxb3 7. axb3 Bxb1 8. Rxb1 Nbd7 9. e3 e5 10. b4 e4 11. Nh4 a6 12. Be2 Be7 13. 0-0 g5 14. Nf5 h6 15. Bd2 g4 16. Kg2 Nf8 17. Rh1 Ng6 18. h3 gxh3+ 19. Rxh3 Bf8 20. Rbh1 Ng8 21. f3 exf3+ 22. Kxf3 Kd7 23. g4 Ke6 24. Bd3 N6e7 25. Nd6 Rb8 26. Be1 b5 27. Bg3 Ra8 28. Ra1 Ng6 29. Bf5+ Kf6 30. Nc8 h5 31. Nb6 Ra7 32. Bb8 Re7 33. Rxa6 hxg4+ 34. Bxg4 Rxh3+ 35. Bxh3 Bh6 36. Nxd5+ Kg5 37. Nxe7 N8xe7 38. Bd7 Nd5 39. Rxc6 Nh4+ 40. Ke2 Bg7 41. Rd6 Nxb4 42. c6 1-0

[Event "HUN-ch U16"]
[Site "Balatonlelle"]
[Date "2009.07.05"]
[Round "9"]
[White "Halak, Miklos"]
[Black "Sipos, Gabor"]
[Result "1/2-1/2"]
[WhiteElo "1942"]
[BlackElo "2126"]
[PlyCount "120"]
[EventDate "2009.06.27"]
[EventType "swiss"]
[EventRounds "9"]
[EventCountry "HUN"]
[SourceTitle "EXT 2011"]
[Source "ChessBase"]
[SourceDate "2010.11.26"]
[SourceVersion "1"]
[SourceVersionDate "2010.11.26"]
[SourceQuality "1"]

1. e4 d6 2. d4 Nf6 3. Nc3 g6 4. f4 Bg7 5. Nf3 c5 6. dxc5 Qa5 7. Bd3 Qxc5 8. h3 Nc6 9. Bd2 Qb6 10. Na4 Qc7 11. 0-0 a6 12. Qe2 Nd7 13. Rab1 0-0 14. a3 e6 15. b4 b5 16. Nb2 d5 17. e5 Nb6 18. Qf2 Nc4 19. Nxc4 bxc4 20. Be2 f6 21. exf6 Bxf6 22. c3 Bg7 23. Kh1 Bb7 24. Rbc1 Bh6 25. Nd4 Nxd4 26. Qxd4 Bg7 27. Qe3 Rae8 28. Bg4 h5 29. Be2 Bh6 30. Qg3 Kh7 31. Be3 e5 32. fxe5 Rxf1+ 33. Bxf1 Qxe5 34. Qxe5 Rxe5 35. Bxh6 Kxh6 36. Kg1 Kg5 37. Kf2 h4 38. Be2 Kf4 39. Bf3 Re3 40. Rc2 g5 41. a4 Bc6 42. a5 Rd3 43. Be2 Rg3 44. Bf3 g4 45. hxg4 h3 46. Rc1 Bb7 47. Rd1 hxg2 48. Bxg2 Rxc3 49. Bxd5 Rc2+ 50. Ke1 Bxd5 51. Rxd5 Ke3 52. Kd1 Rb2 53. g5 Rxb4 54. g6 Ke4 55. Rd6 Rb5 56. Kc2 Rxa5 57. Kc3 Rg5 58. Kxc4 Kf5 59. Rxa6 Rxg6 60. Rxg6 Kxg6 1/2-1/2

[Event "HUN-ch U16"]
[Site "Balatonlelle"]
[Date "2009.07.03"]
[Round "7"]
[White "Straubinger, Daniel"]
[Black "Sipos, Gabor"]
[Result "1-0"]
[WhiteElo "2214"]
[BlackElo "2126"]
[PlyCount "99"]
[EventDate "2009.06.27"]
[EventType "swiss"]
[EventRounds "9"]
[EventCountry "HUN"]
[SourceTitle "EXT 2011"]
[Source "ChessBase"]
[SourceDate "2010.11.26"]
[SourceVersion "1"]
[SourceVersionDate "2010.11.26"]
[SourceQuality "1"]

1. e4 d6 2. Nf3 g6 3. d4 Bg7 4. Be3 Bg4 5. Be2 Nd7 6. h3 Bxf3 7. Bxf3 e5 8. d5 Ne7 9. c4 f5 10. Nc3 f4 11. Bd2 0-0 12. Qc2 h5 13. 0-0-0 Nf6 14. Kb1 g5 15. Be2 g4 16. Rc1 f3 17. gxf3 gxf3 18. Bxf3 Ng6 19. Qd1 Nh4 20. Be2 Nh7 21. Rh2 Ng5 22. Bxh5 Ngf3 23. Rh1 Nxd2+ 24. Qxd2 Kh7 25. Qe2 Rf4 26. Nd1 Qg5 27. Bg4 Raf8 28. Rg1 Kh8 29. Rg3 Bh6 30. Rcc3 Qg6 31. f3 R4f6 32. a3 Bg5 33. Rg1 Bh6 34. Rf1 b6 35. Rd3 Qf7 36. Ka2 Ng6 37. Rc3 Nh4 38. Qf2 Bg5 39. Rd3 c5 40. Nc3 Qg7 41. Qg1 Qh6 42. Qh1 a6 43. Qh2 Qh7 44. Qc2 b5 45. cxb5 c4 46. Rdd1 Nxf3 47. Rxf3 Rxf3 48. Bxf3 Rxf3 49. bxa6 Qa7 50. Qe2 1-0

[Event "HUN-ch U16"]
[Site "Balatonlelle"]
[Date "2009.07.01"]
[Round "5"]
[White "Sipos, Gabor"]
[Black "Szabo, Gabor2"]
[Result "1-0"]
[WhiteElo "2126"]
[BlackElo "1862"]
[PlyCount "71"]
[EventDate "2009.06.27"]
[EventType "swiss"]
[EventRounds "9"]
[EventCountry "HUN"]
[SourceTitle "EXT 2011"]
[Source "ChessBase"]
[SourceDate "2010.11.26"]
[SourceVersion "1"]
[SourceVersionDate "2010.11.26"]
[SourceQuality "1"]

1. e4 d5 2. exd5 Qxd5 3. Nc3 Qa5 4. d4 Nf6 5. Nf3 Bg4 6. Bc4 Nc6 7. h3 Qh5 8. Be2 0-0-0 9. Rg1 Bxf3 10. Bxf3 Qf5 11. Bxc6 bxc6 12. Qe2 e6 13. Be3 Bb4 14. Qa6+ Kd7 15. 0-0-0 Rb8 16. g4 Qa5 17. Qxa5 Bxa5 18. Ne2 Nd5 19. c4 Nxe3 20. fxe3 Rb4 21. b3 Rb7 22. Nf4 Bb4 23. Nd3 Bd6 24. c5 Be7 25. Ne5+ Ke8 26. Nxc6 Bg5 27. Rd3 f6 28. Kc2 Kd7 29. Na5 Rb5 30. Nc4 Rhb8 31. a3 Ke7 32. b4 Rd8 33. Kc3 e5 34. a4 exd4+ 35. exd4 Rbb8 36. Na5 1-0

[Event "Budapest FS05 FM-A"]
[Site "Budapest"]
[Date "2009.05.10"]
[Round "9"]
[White "Sipos, Gabor"]
[Black "Henrichsen, Jens"]
[Result "1/2-1/2"]
[WhiteElo "2126"]
[BlackElo "1971"]
[PlyCount "35"]
[EventDate "2009.05.02"]
[EventType "tourn"]
[EventRounds "9"]
[EventCountry "HUN"]
[SourceTitle "CBM 130 Extra"]
[Source "ChessBase"]
[SourceDate "2009.07.02"]
[SourceVersion "2"]
[SourceVersionDate "2009.07.15"]
[SourceQuality "1"]

1. e4 c5 2. Nf3 d6 3. d4 cxd4 4. Nxd4 Nf6 5. Nc3 a6 6. Qe2 e6 7. g4 h6 8. Bg2 Qc7 9. a4 Nc6 10. Nb3 b6 11. h4 Bb7 12. g5 hxg5 13. hxg5 Rxh1+ 14. Bxh1 Nd7 15. f4 Nb4 16. Be3 Nc5 17. Kf2 0-0-0 18. Rd1 1/2-1/2

[Event "Budapest FS05 FM-A"]
[Site "Budapest"]
[Date "2009.05.07"]
[Round "5"]
[White "Letay, Gyula"]
[Black "Sipos, Gabor"]
[Result "1-0"]
[WhiteElo "2067"]
[BlackElo "2126"]
[PlyCount "73"]
[EventDate "2009.05.02"]
[EventType "tourn"]
[EventRounds "9"]
[EventCountry "HUN"]
[SourceTitle "CBM 130 Extra"]
[Source "ChessBase"]
[SourceDate "2009.07.02"]
[SourceVersion "2"]
[SourceVersionDate "2009.07.15"]
[SourceQuality "1"]

1. e4 c5 2. Nc3 Nc6 3. g3 g6 4. Bg2 Bg7 5. d3 d6 6. Be3 Rb8 7. Qd2 e6 8. Nge2 Nd4 9. 0-0 Ne7 10. Nc1 b5 11. Nd1 b4 12. c3 bxc3 13. bxc3 Ndc6 14. Bh6 0-0 15. Bxg7 Kxg7 16. f4 f6 17. Ne3 f5 18. Ne2 d5 19. exd5 exd5 20. d4 Qd6 21. h3 Ba6 22. Rfe1 Rfd8 23. Rad1 c4 24. g4 fxg4 25. hxg4 Rf8 26. Rf1 Rf7 27. Rf2 Rbf8 28. Rdf1 Bc8 29. Rf3 Kg8 30. Qe1 Qa3 31. Ng3 Qxa2 32. f5 Kh8 33. R3f2 Qa5 34. f6 Ng8 35. Bxd5 Qc7 36. Ne4 Bb7 37. Bxf7 1-0

[Event "Budapest FS05 FM-A"]
[Site "Budapest"]
[Date "2009.05.03"]
[Round "2"]
[White "Sipos, Gabor"]
[Black "Probst, Albert"]
[Result "1-0"]
[WhiteElo "2126"]
[BlackElo "2104"]
[PlyCount "83"]
[EventDate "2009.05.02"]
[EventType "tourn"]
[EventRounds "9"]
[EventCountry "HUN"]
[SourceTitle "CBM 130 Extra"]
[Source "ChessBase"]
[SourceDate "2009.07.02"]
[SourceVersion "2"]
[SourceVersionDate "2009.07.15"]
[SourceQuality "1"]

1. e4 g6 2. d4 Bg7 3. Nc3 d6 4. f4 Nc6 5. d5 Nd4 6. Be3 e5 7. Nb1 c5 8. c3 exf4 9. Bxf4 Qe7 10. cxd4 Bxd4 11. Qc2 Qf6 12. Bc1 Bg4 13. Nc3 a6 14. g3 Ne7 15. Bg2 0-0 16. h3 Bd7 17. Nf3 Rfe8 18. Bg5 Qg7 19. Nxd4 cxd4 20. Ne2 Rac8 21. Qd2 d3 22. Nc3 Qd4 23. Qf2 Nf5 24. Qxd4 Nxd4 25. Kd2 Ne2 26. Nxe2 dxe2 27. Bf4 f5 28. Bxd6 fxe4 29. Rhc1 Bb5 30. Bf4 Rcd8 31. d6 g5 32. Bxg5 Rxd6+ 33. Ke3 Rd3+ 34. Kf2 Rf8+ 35. Bf4 Rd2 36. Ke1 Rxb2 37. Bxe4 Rd8 38. Rc7 Rd7 39. Bxb7 Rxa2 40. Rac1 Ba4 41. Rxd7 Bxd7 42. Bd5+ 1-0

[Event "Budapest FS05 FM-A"]
[Site "Budapest"]
[Date "2009.05.02"]
[Round "1"]
[White "Heyl, Thomas"]
[Black "Sipos, Gabor"]
[Result "0-1"]
[WhiteElo "2051"]
[BlackElo "2126"]
[PlyCount "76"]
[EventDate "2009.05.02"]
[EventType "tourn"]
[EventRounds "9"]
[EventCountry "HUN"]
[SourceTitle "CBM 130 Extra"]
[Source "ChessBase"]
[SourceDate "2009.07.02"]
[SourceVersion "2"]
[SourceVersionDate "2009.07.15"]
[SourceQuality "1"]

1. d4 Nf6 2. Nf3 g6 3. e3 Bg7 4. b3 d6 5. Bb2 Nbd7 6. Be2 c5 7. 0-0 b6 8. d5 Bb7 9. c4 0-0 10. Nc3 Ne8 11. Qc2 a6 12. a4 e5 13. dxe6 fxe6 14. e4 g5 15. Rad1 g4 16. Ne1 Qh4 17. Rd3 Be5 18. g3 Qg5 19. f3 gxf3 20. Rdxf3 Ng7 21. Rxf8+ Rxf8 22. Rxf8+ Kxf8 23. Bf3 Bd4+ 24. Kg2 Qe3 25. Nd3 Qg1+ 26. Kh3 Qf1+ 27. Bg2 Qf6 28. Qc1 Ke7 29. Nd1 e5 30. Nc3 Bxc3 31. Bxc3 Bc8 32. g4 Nf8 33. Kg3 Ng6 34. h3 Qh4+ 35. Kf3 Ne6 36. Qe1 Qf6+ 37. Kg3 Nef4 38. Qe3 Nxd3 0-1

[Event "Perenyi Memorial"]
[Site "Budapest"]
[Date "2009.01.17"]
[Round "9"]
[White "Sipos, Gabor"]
[Black "Ritter, Gabor"]
[Result "1/2-1/2"]
[WhiteElo "2115"]
[BlackElo "2131"]
[PlyCount "37"]
[EventDate "2009.01.08"]
[EventType "swiss"]
[EventRounds "9"]
[EventCountry "HUN"]
[SourceTitle "CBM 128 Extra"]
[Source "ChessBase"]
[SourceDate "2009.03.05"]
[SourceVersion "2"]
[SourceVersionDate "2009.03.25"]
[SourceQuality "1"]

1. Nf3 g6 2. e4 c5 3. d4 cxd4 4. Nxd4 Bg7 5. c4 Nf6 6. Nc3 d6 7. Be2 0-0 8. Be3 Bd7 9. Rc1 Nc6 10. Nc2 Be6 11. 0-0 Nd7 12. Qd2 a5 13. Nd4 Nxd4 14. Bxd4 Bxd4 15. Qxd4 Qb6 16. Qxb6 Nxb6 17. Nd5 Bxd5 18. cxd5 Rac8 19. Bb5 1/2-1/2

[Event "HUN-chT U18"]
[Site "Miskolc"]
[Date "2008.10.29"]
[Round "5.8"]
[White "Sipos, Gabor"]
[Black "Adorjan, Botond"]
[Result "1/2-1/2"]
[WhiteElo "2124"]
[BlackElo "1912"]
[PlyCount "58"]
[EventDate "2008.10.27"]
[EventType "team-swiss"]
[EventRounds "8"]
[EventCountry "HUN"]
[SourceTitle "EXT 2016"]
[Source "ChessBase"]
[SourceDate "2015.10.08"]
[SourceVersion "1"]
[SourceVersionDate "2015.10.08"]
[SourceQuality "1"]

1. d4 d5 2. Nf3 Nf6 3. c4 e6 4. g3 Be7 5. Bg2 0-0 6. 0-0 b6 7. cxd5 Nxd5 8. Nc3 Bb7 9. Re1 Nd7 10. e4 Nxc3 11. bxc3 c5 12. d5 exd5 13. exd5 Bf6 14. Qc2 b5 15. Rb1 Qa5 16. c4 b4 17. Bf4 Rfe8 18. Bh3 Nb6 19. Bc7 Qa6 20. Nd2 Bc3 21. d6 Bc6 22. Re7 Rxe7 23. dxe7 Re8 24. Bd6 Nc8 25. Bxc5 Bxd2 26. Qxd2 Qxc4 27. Rc1 Qe4 28. Kf1 Bb5+ 29. Kg1 Bc6 1/2-1/2

[Event "Budapest FS08 FM-A"]
[Site "Budapest"]
[Date "2008.08.12"]
[Round "11"]
[White "Ruzicic, Sinisa"]
[Black "Sipos, Gabor"]
[Result "0-1"]
[WhiteElo "2045"]
[BlackElo "1990"]
[PlyCount "85"]
[EventDate "2008.08.02"]
[EventType "tourn"]
[EventRounds "11"]
[EventCountry "HUN"]
[SourceTitle "CBM 125 Extra"]
[Source "ChessBase"]
[SourceDate "2008.09.01"]
[SourceVersion "1"]
[SourceVersionDate "2008.09.01"]
[SourceQuality "1"]

1. e4 c6 2. d4 d5 3. Nd2 dxe4 4. Nxe4 Bf5 5. Ng3 Bg6 6. h4 h6 7. Nf3 Nd7 8. Bd3 Bxd3 9. Qxd3 Ngf6 10. Bd2 e6 11. 0-0-0 Qc7 12. Rhe1 0-0-0 13. Kb1 Bd6 14. Ne4 Nxe4 15. Qxe4 Nf6 16. Qe2 Rhe8 17. Ne5 c5 18. dxc5 Bxc5 19. f4 Rd5 20. c4 Rd6 21. Be3 Ne4 22. Bxc5 Rxd1+ 23. Rxd1 Nxc5 24. b4 Na4 25. Qc2 Nb6 26. c5 Nd5 27. Rd4 Kb8 28. a3 g5 29. Qh7 f6 30. Qg6 Rd8 31. Nf3 gxf4 32. Qxh6 e5 33. Rd2 a5 34. Qg6 e4 35. Rxd5 Rxd5 36. Qxe4 Rd1+ 37. Kc2 Ra1 38. h5 Ra2+ 39. Kb1 Rxa3 40. Qe8+ Qc8 41. Qxc8+ Kxc8 42. h6 Rc3 43. Nh4 0-1

[Event "Budapest FS08 FM-A"]
[Site "Budapest"]
[Date "2008.08.07"]
[Round "6"]
[White "Sipos, Gabor"]
[Black "Daamen, Ferry"]
[Result "1-0"]
[WhiteElo "1990"]
[BlackElo "2042"]
[PlyCount "67"]
[EventDate "2008.08.02"]
[EventType "tourn"]
[EventRounds "11"]
[EventCountry "HUN"]
[SourceTitle "CBM 125 Extra"]
[Source "ChessBase"]
[SourceDate "2008.09.01"]
[SourceVersion "1"]
[SourceVersionDate "2008.09.01"]
[SourceQuality "1"]

1. d4 Nf6 2. c4 g6 3. Nc3 d5 4. cxd5 Nxd5 5. Na4 Bg7 6. Nf3 0-0 7. e4 Nf6 8. Bd3 Bg4 9. Be3 Nc6 10. Bc2 Nb4 11. Bb1 c6 12. a3 Na6 13. h3 Be6 14. 0-0 Qc7 15. Bd3 b5 16. Nc3 Qb7 17. Qe2 Nc7 18. Rfc1 a6 19. Nb1 Nd7 20. Qc2 Bc4 21. Bxc4 bxc4 22. Nbd2 Ne6 23. Nxc4 Qb5 24. b4 Rfd8 25. a4 Qh5 26. Ra3 Rac8 27. Na5 c5 28. bxc5 Nxd4 29. Bxd4 Bxd4 30. Nxd4 Rxc5 31. Qd2 Rb8 32. Rxc5 Qxc5 33. Rd3 e5 34. Ndb3 1-0

[Event "HUN-chT2 Charousek 0708"]
[Site "Hungary"]
[Date "2008.03.16"]
[Round "8"]
[White "Fuad Kamel Jamaliah, Natalie"]
[Black "Sipos, Gabor"]
[Result "1/2-1/2"]
[WhiteElo "1989"]
[BlackElo "1836"]
[PlyCount "70"]
[EventDate "2007.10.14"]
[EventType "team-tourn"]
[EventRounds "11"]
[EventCountry "HUN"]
[SourceTitle "EXT 2009"]
[Source "ChessBase"]
[SourceDate "2008.11.26"]
[SourceVersion "1"]
[SourceVersionDate "2008.11.26"]
[SourceQuality "1"]
[WhiteTeam "Husi"]
[BlackTeam "Taban Spartacus"]
[WhiteTeamCountry "HUN"]
[BlackTeamCountry "HUN"]

1. e4 c5 2. Nf3 d6 3. d4 cxd4 4. Nxd4 Nf6 5. Nc3 g6 6. Be2 Bg7 7. Be3 0-0 8. 0-0 Nc6 9. Qd2 d5 10. exd5 Nxd5 11. Nxc6 bxc6 12. Nxd5 Qxd5 13. Qxd5 cxd5 14. Rad1 Rd8 15. c3 e5 16. Bf3 Be6 17. Rfe1 Rab8 18. Bg5 Rd7 19. Bc1 f5 20. Bf4 exf4 21. Rxe6 Rxb2 22. g3 Bxc3 23. Rxd5 Rxd5 24. Bxd5 Kf8 25. gxf4 Bd4 26. Kg2 Bxf2 27. Rf6+ Ke7 28. Rf7+ Kd6 29. Bb3 Bd4+ 30. Kg3 h5 31. Rf8 Ke7 32. Rf7+ Ke8 33. Rb7 Kf8 34. Rf7+ Ke8 35. Rb7 Kf8 1/2-1/2

[Event "HUN-chT 0607"]
[Site "Hungary"]
[Date "2007.04.29"]
[Round "9"]
[White "Sipos, Gabor"]
[Black "Szabo, Bence"]
[Result "0-1"]
[WhiteElo "1553"]
[BlackElo "2102"]
[PlyCount "62"]
[EventDate "2006.11.12"]
[EventType "team-tourn"]
[EventRounds "11"]
[EventCountry "HUN"]
[SourceTitle "EXT 2008"]
[Source "ChessBase"]
[SourceDate "2007.11.25"]
[SourceVersion "1"]
[SourceVersionDate "2007.11.25"]
[SourceQuality "1"]
[WhiteTeam "Taban Spartacus"]
[BlackTeam "Honved"]
[WhiteTeamCountry "HUN"]
[BlackTeamCountry "HUN"]

1. e4 c5 2. Nf3 d6 3. d4 cxd4 4. Nxd4 Nf6 5. Nc3 Nc6 6. Be2 e5 7. Nf3 Be7 8. Bg5 Be6 9. 0-0 0-0 10. Bxf6 Bxf6 11. Nd5 Bxd5 12. Qxd5 Qc7 13. c3 Rad8 14. Rfd1 Ne7 15. Qb3 Qc6 16. Qc4 Nc8 17. a4 Nb6 18. Qxc6 bxc6 19. a5 Na8 20. c4 Nc7 21. Rac1 Ne6 22. b4 Be7 23. b5 cxb5 24. cxb5 Nc5 25. Ne1 Rc8 26. Bg4 Rb8 27. Be2 Nxe4 28. Bf3 Nc5 29. Be2 Rfc8 30. Bc4 Na4 31. Bb3 Nc3 0-1